00444nam a2200157Ia 4500008004100000041000800041082002500049100003400074245006500108260002800173300000800201365001600209710003400225906000800259999001900267230312s9999 xx 000 0 und d aeng a330.954b330.954 PRA aPrakash B.A. (Editor)9170211 aIndian Economy Since 1991bEconomic Performs And Performance c2009bPearson Education a598 cRs.b450.00 aPrakash B.A. (Editor)9170212 b990 c130865d130865